Ulice Białej Podlaskiej - Statystyki

Ogólne statystyki
  • Ten quiz został rozwiązany 15 razy
  • Średni wynik to 63 z 420
Statystyki odpowiedzi
Odpowiedź % Poprawnych
Aleja Jana Pawła II
75%
Brzeska
75%
Marszałka Józefa Piłsudskiego
75%
Rondo I Brygady Komendanta Józefa Piłsudskiego
75%
Warszawska
75%
Długa
67%
Jana III Sobieskiego
67%
Krótka
67%
Terebelska
67%
Zamkowa
67%
Bolesława Chrobrego
58%
Francuska
58%
Gabriela Narutowicza
58%
Janowska
58%
Józefa Ignacego Kraszewskiego
58%
Adama Mickiewicza
50%
Akademicka
50%
Aleja Solidarności
50%
Aleja Tysiąclecia
50%
Armii Krajowej
50%
Łomaska
50%
Lubelska
50%
Łukaszyńska
50%
Okopowa
50%
Orzechowa
50%
Podmiejska
50%
Polna
50%
Sidorska
50%
Sitnicka
50%
Włoska
50%
Anny Jagiellonki
42%
Augusta Fieldorfa
42%
Grzybowa
42%
kard. Stefana Wyszyńskiego
42%
Królowej Jadwigi
42%
Księcia Witolda
42%
Leszczynowa
42%
Mikołaja Kopernika
42%
Plac Wolności
42%
Prosta
42%
Rondo Prezydenta RP Lecha Kaczyńskiego
42%
Stefana Żeromskiego
42%
Tadeusza Kościuszki
42%
Twarda
42%
Wesoła
42%
Witoroska
42%
Bolesława Prusa
33%
Brzegowa
33%
Chłodna
33%
Dokudowska
33%
Droga Wojskowa
33%
Górna
33%
Graniczna
33%
Grunwaldzka
33%
Handlowa
33%
Jatkowa
33%
Juliusza Słowackiego
33%
Kąpielowa
33%
Klonowa
33%
Kościelna
33%
Kwiatowa
33%
Lotnicza
33%
Na Skarpie
33%
Piaskowa
33%
Podleśna
33%
Robotnicza
33%
Stanisława Moniuszki
33%
Torowa
33%
Wąska
33%
Wolska
33%
Ziemowita
33%
Żwirki i Wigury
33%
34 Pułku Piechoty
25%
Adama Asnyka
25%
Artyleryjska
25%
Bogusława Kaczyńskiego
25%
Ceglana
25%
Dolna
25%
Henryka Sienkiewicza
25%
Jana Czerwińskiego
25%
Jana II Kazimierza
25%
Józefa Poniatowskiego
25%
Koncertowa
25%
Lipowa
25%
Ludwika Waryńskiego
25%
Marii Skłodowskiej-Curie
25%
Mikołaja Reja
25%
Parkowa
25%
Piękna
25%
Poprzeczna
25%
Powstańców
25%
Radziwiłłowska
25%
Reformacka
25%
Rolnicza
25%
Romana Dmowskiego
25%
Rzeźniana
25%
Sapieżyńska
25%
Sławacińska
25%
Sokulska
25%
Sowia
25%
Spokojna
25%
Spółdzielcza
25%
Sportowa
25%
Stacyjna
25%
Stefana Batorego
25%
Świerkowa
25%
Sworska
25%
Tadeusza Sygietyńskiego
25%
Topolowa
25%
Wandy Madler
25%
Wierzbowa
25%
Witolda Pileckiego
25%
Żurawia
25%
Zygmunta Augusta
25%
Zygmunta Starego
25%
Aleja Riada Haidara
17%
Bartka Las
17%
Białka
17%
Borowa
17%
Brzozowa
17%
Ciasna
17%
Cmentarna
17%
Czesława Wroczyńskiego
17%
Emilii Plater
17%
Garncarska
17%
Glinki
17%
Gołębia
17%
Grabarska
17%
Haliny Łuczyckiej
17%
Hugona Kołłątaja
17%
Jacka Malczewskiego
17%
Jagodowa
17%
Jana Kasprowicza
17%
Jarzębinowa
17%
Jodłowa
17%
Józefa Furmana
17%
Józefa Hallera
17%
Józefa Milcarka
17%
Kasztanowa
17%
Kazimierza Kruczkowskiego
17%
Kołychawa
17%
Konstantego Romualda Budkiewicza
17%
Krucza
17%
ks. Edmunda Barbasiewicza
17%
Łąkowa
17%
Lisia
17%
Literacka
17%
Mieszczańska
17%
Nowa
17%
Obwodowa
17%
Okólna
17%
Osiedle Sitnickie
17%
Plac Trzech Krzyży
17%
Pocztowa
17%
Podłączna
17%
Pogodna
17%
Pokoju
17%
Północna
17%
Powstania Warszawskiego
17%
Poziomkowa
17%
Przelotna
17%
Rakowa
17%
Romana Rogińskiego
17%
Romualda Traugutta
17%
Różana
17%
Rzeczna
17%
Sadowa
17%
Sielczyk
17%
Słoneczna
17%
Średnia
17%
Stodolna
17%
Szkolna
17%
Tęczowa
17%
Unitów Podlaskich
17%
Wacława Nartowskiego
17%
Widok
17%
Wincentego Witosa
17%
Zagrodowa
17%
Żytnia
17%
Akacjowa
8%
Alberta Chmielowskiego
8%
Aliny Fedorowicz
8%
Anieli Walewskiej
8%
Barwinkowa
8%
Boczna
8%
Bohaterów Powstania Styczniowego
8%
Borowikowa
8%
Borówkowa
8%
Budowlana
8%
Celników Polskich
8%
Chmielna
8%
Cicha
8%
Cisowa
8%
Cypriana Kamila Norwida
8%
Daleka
8%
Dobra
8%
Dzika
8%
Ekologiczna
8%
Elektryczna
8%
Elizy Orzeszkowej
8%
Fabryczna
8%
Franciszka Kleeberga
8%
Fryderyka Chopina
8%
Generała W. Sikorskiego
8%
Gromadzka
8%
Iglasta
8%
Ignacego Jana Paderewskiego
8%
Ignacego Prądzyńskiego
8%
Ireny Kosmowskiej
8%
Jadwigi Dziubińskiej
8%
Jałowcowa
8%
Jana Styki
8%
Jana Żardeckiego
8%
Janiny Niedźwiedzkiej
8%
Jaskółcza
8%
Jaśminowa
8%
Jasna
8%
Jesionowa
8%
Joachima Bartoszewicza
8%
Józefa Beka
8%
Józefa Bema
8%
Józefata Błyskosza
8%
Józefa Wybickiego
8%
Juliana Tuwima
8%
Juliana Ursyna Niemcewicza
8%
Karasia
8%
Karola Szymanowskiego
8%
Kazimierza Jagiellończyka
8%
Kolejowa
8%
Kosmonautów
8%
Kosynierów
8%
Kręta
8%
Ludowa
8%
Ługowa
8%
majora Henryka Sucharskiego
8%
Mała
8%
Marii Bratkowskiej
8%
Marii Konopnickiej
8%
Młyńska
8%
Ogrodowa
8%
Okrężna
8%
Olszowa
8%
Opieńkowa
8%
Paprociowa
8%
Plac Rubina
8%
Plac Szkolny Dwór
8%
Plażowa
8%
Pływacka
8%
prof. Józefa Bergiera
8%
Przyjaźni
8%
Rondo Koła Bialczan
8%
Rondo Marszałka Sejmu RP Macieja Płażyńskiego
8%
Rondo Wielkiej Orkiestry Świątecznej Pomocy
8%
Rybna
8%
Sarnia
8%
Sasankowa
8%
Słowicza
8%
Sobolowa
8%
Sosnowa
8%
Stanisława Tessaro
8%
Stefana Czarnieckiego
8%
Stefana Drzewieckiego
8%
Szumowa
8%
Tadeusza Rejtana
8%
Targowa
8%
Tomasza Nocznickiego
8%
Turystyczna
8%
Walerego Wróblewskiego
8%
Wiązowa
8%
Willowa
8%
Winiarska
8%
Wiśniowa
8%
Władysława Bownika
8%
Wspólna
8%
Zaciszna
8%
Zawilcowa
8%
Zgoda
8%
Zielona
8%
Ziemiańska
8%
Złota
8%
Zofii Nałkowskiej
8%
Żwirowa
8%
61 Lotniczego Pułku Szkolno-Bojowego
0%
Aleksandra Gierymskiego
0%
Aleksandra Wereszki
0%
Aleksandra Zelwerowicza
0%
Andrzeja Struga
0%
Bartosza Głowackiego
0%
Batalionów Chłopskich
0%
Błogosławionego Honorata Koźmińskiego
0%
Braci Horaczyńskich
0%
Browarna
0%
Bukowa
0%
Cienista
0%
Czereśniowa
0%
Czesława Tańskiego
0%
Czesława Witoszyńskiego
0%
Dąbrowska
0%
Folwarczna
0%
Franciszka Ujmy
0%
Franciszka Zdanowskiego
0%
Gabrieli Zapolskiej
0%
gen. Józefa Sowińskiego
0%
gen. Ludwika Bittnera
0%
gen. Stanisława Maczka
0%
Głęboka
0%
Grabowa
0%
Grota Roweckiego
0%
Gruntowa
0%
Henryka Rewakowicza
0%
Henryka Wieniawskiego
0%
Ignacego Krasickiego
0%
Ignacego Solarza
0%
Izabeli Czajki-Stachowicz
0%
Jakuba Bojki
0%
Jana Brzechwy
0%
Jana Dąbskiego
0%
Jana Długosza
0%
Jana Glogera
0%
Jana Karola Chodkiewicza
0%
Jana Kilińskiego
0%
Jana Kochanowskiego
0%
Jana Makaruka
0%
Jana Matejki
0%
Jana Stapińskiego
0%
Janusza Korczaka
0%
Janusza Kusocińskiego
0%
Jastrzębia
0%
Jaworowa
0%
Jerzego Bajana
0%
Joachima Lelewela
0%
Józefa Chełmońskiego
0%
Józefa Chłopickiego
0%
Józefa Dwernickiego
0%
Józefa Grudzińskiego
0%
Józefa Maciąga
0%
Józefa Niećki
0%
Juliana Abramowicza
0%
Juliana Fałata
0%
Juliana Ordona
0%
Juliana Przybosia
0%
Juliusza Krzyżanowskiego
0%
Juliusza Osterwy
0%
Kajetana Sawczuka
0%
Kalinowa
0%
Kazimierza Pułaskiego
0%
Kazimierza Tetmajera-Przerwy
0%
Kolonia Francuska
0%
Kołowa
0%
Konstantego Ildefonsa Gałczyńskiego
0%
Konstantego Walczuka
0%
Kornela Makuszyńskiego
0%
Krzywa
0%
ks. Józefa Pruszkowskiego
0%
ks. Krzysztofa Wilskiego-Ciborowicza
0%
ks. Piotra Ściegiennego
0%
ks. Walentego Jankowskiego
0%
Ks. Zbigniewa Bieńkowskiego
0%
Łazienna
0%
Leona Frankowskiego
0%
Lotników Podlaskich
0%
Łowiecka
0%
Ludwika Solskiego
0%
Maksymiliana Malinowskiego
0%
Mariana Langiewicza
0%
Męczenników Katynia
0%
Metalowa
0%
Mieczysława Karłowicza
0%
Mieczysławy Ćwiklińskiej
0%
Mikołaja Dziedzickiego
0%
Modrzewiowa
0%
Morelowa
0%
Mostowska
0%
Olimpijczyków
0%
Piotra Skargi
0%
Plac Baranowicki
0%
Plac Wojska Polskiego
0%
Przechodnia
0%
Przemysłowa
0%
Przesmyk
0%
Romana Dmowskiego
0%
Rondo Bialczanek
0%
Rondo Bitwy Warszawskiej
0%
Rondo Henryka Bernarda Raabe
0%
Rondo Podlaskiej Wytwórni Samolotów
0%
Rondo Stanisława Różyczki de Rosenwertha
0%
Rondo Unii Europejskiej
0%
Rondo Żołnierzy Wyklętych
0%
Składowa
0%
Spacerowa
0%
Środkowa
0%
Stanisława Cywińskiego
0%
Stanisława Damrosza
0%
Stanisława Marusarza
0%
Stanisława Mikołajczyka
0%
Stanisława Miłkowskiego
0%
Stanisława Osieckiego
0%
Stanisława Wyspiańskiego
0%
St. Brzóski
0%
Stefana Grodzickiego
0%
Stefana Jaracza
0%
Stefana Okrzei
0%
Stefana Skoczylasa
0%
Stefanii Sempołowskiej
0%
Studencka
0%
S. Wyrzykowskiego-"Zenona"
0%
Szarych Szeregów
0%
Szczytowa
0%
Wacława Kowalskiego
0%
Władysława Broniewskiego
0%
Władysława Jagiełły
0%
Władysława Stanisława Reymonta
0%
Wojciecha Kossaka
0%
Wrzosowa
0%
Wyzwolenia
0%
Żabia
0%
Zagajnikowa
0%
Zawiszy Czarnego
0%
Zbigniewa Burzyńskiego
0%
Zbysława Ciołkosza
0%
Nie znaleziono quizów pasujących do podanych kryteriów
Rozkład punktacji
Procent ludzi z każdym wynikiem
Percentyl według liczby udzielonych odpowiedzi
Twoja historia wyników
Nie rozwiązałeś tego quizu